[Event "Yangon Campomanes Memorial"]
[Site "Yangon"]
[Date "2011.09.27"]
[Round "11"]
[White "Zaw, Win Lay"]
[Black "Sriram, Jha"]
[Result "1/2-1/2"]
[WhiteElo "2377"]
[BlackElo "2410"]
[PlyCount "39"]
[EventDate "2011.09.22"]
[EventType "tourn"]
[EventRounds "13"]
[EventCountry "MYA"]
[EventCategory "5"]
[SourceTitle "EXT 2012"]
[Source "ChessBase"]
[SourceDate "2011.11.24"]
[SourceVersion "1"]
[SourceVersionDate "2011.11.24"]
[SourceQuality "1"]

1. d4 d5 2. c4 c6 3. cxd5 cxd5 4. Nf3 Nf6 5. Nc3 Nc6 6. Bf4 Bf5 7. e3 e6 8. Bd3 Bxd3 9. Qxd3 Bd6 10. Bxd6 Qxd6 11. 0-0 0-0 12. Rfc1 Rfc8 13. Ne2 Ne7 14. Rxc8+ Rxc8 15. Rc1 Rxc1+ 16. Nxc1 Qc6 17. Qc3 Qxc3 18. bxc3 Nc6 19. Nd2 Nd7 20. Nd3 1/2-1/2

[Event "Yangon Campomanes Memorial"]
[Site "Yangon"]
[Date "2011.09.24"]
[Round "4"]
[White "Htun, Lynn Kyaw"]
[Black "Zaw, Win Lay"]
[Result "1/2-1/2"]
[WhiteElo "2321"]
[BlackElo "2377"]
[PlyCount "51"]
[EventDate "2011.09.22"]
[EventType "tourn"]
[EventRounds "13"]
[EventCountry "MYA"]
[EventCategory "5"]
[SourceTitle "EXT 2012"]
[Source "ChessBase"]
[SourceDate "2011.11.24"]
[SourceVersion "1"]
[SourceVersionDate "2011.11.24"]
[SourceQuality "1"]

1. c4 e6 2. Nc3 b6 3. d4 Bb7 4. a3 Nf6 5. Nf3 d5 6. Bg5 Be7 7. e3 Nbd7 8. Bd3 0-0 9. 0-0 dxc4 10. Bxc4 c5 11. dxc5 Nxc5 12. Qe2 Nce4 13. Nxe4 Nxe4 14. Rfd1 Qc7 15. Bxe7 Qxe7 16. h3 Rfd8 17. Rxd8+ Rxd8 18. Rd1 Rxd1+ 19. Qxd1 h6 20. Qd4 Qd6 21. Be2 Qxd4 22. Nxd4 a6 23. Bf3 Kf8 24. Bxe4 Bxe4 25. f3 Bd3 26. Kf2 1/2-1/2

[Event "Yangon Campomanes Memorial"]
[Site "Yangon"]
[Date "2011.09.24"]
[Round "5"]
[White "Zaw, Win Lay"]
[Black "Goh, Wei Ming Kevin"]
[Result "1/2-1/2"]
[WhiteElo "2377"]
[BlackElo "2449"]
[PlyCount "43"]
[EventDate "2011.09.22"]
[EventType "tourn"]
[EventRounds "13"]
[EventCountry "MYA"]
[EventCategory "5"]
[SourceTitle "EXT 2012"]
[Source "ChessBase"]
[SourceDate "2011.11.24"]
[SourceVersion "1"]
[SourceVersionDate "2011.11.24"]
[SourceQuality "1"]

1. e4 c5 2. Nf3 d6 3. d4 cxd4 4. Nxd4 Nf6 5. Nc3 g6 6. Be3 a6 7. h3 Bg7 8. g4 h5 9. g5 Nfd7 10. Bg2 Nc6 11. 0-0 0-0 12. Nb3 Nb6 13. Qe2 Ne5 14. Rad1 Qc7 15. Bc1 Be6 16. Nd5 Nxd5 17. exd5 Bd7 18. Nd4 Bb5 19. Nxb5 axb5 20. a3 Nc4 21. c3 Rfe8 22. Rfe1 1/2-1/2

[Event "Thailand op 11th"]
[Site "Pattaya"]
[Date "2011.04.16"]
[Round "8"]
[White "Zaw, Win Lay"]
[Black "Teerapabpaisit, Wisuwat"]
[Result "1/2-1/2"]
[WhiteElo "2382"]
[BlackElo "2310"]
[PlyCount "44"]
[EventDate "2011.04.11"]
[EventType "swiss"]
[EventRounds "9"]
[EventCountry "THA"]
[SourceTitle "CBM 141 Extra"]
[Source "ChessBase"]
[SourceDate "2011.05.03"]
[SourceVersion "1"]
[SourceVersionDate "2011.05.03"]
[SourceQuality "1"]

1. e4 c5 2. Nf3 e6 3. c3 d5 4. exd5 Qxd5 5. d4 Nf6 6. Be2 Be7 7. Na3 cxd4 8. Nb5 Na6 9. Qxd4 0-0 10. 0-0 Rd8 11. Bg5 h6 12. Qxd5 Rxd5 13. Bf4 g5 14. c4 Rd8 15. Be3 Bc5 16. Rfd1 Bd7 17. Bxc5 Nxc5 18. Nd6 Ne8 19. Rd2 Nxd6 20. Rxd6 Ba4 21. Rxd8+ Rxd8 22. b3 Be8 1/2-1/2

[Event "Thailand op 11th"]
[Site "Pattaya"]
[Date "2011.04.15"]
[Round "7"]
[White "Morris, James"]
[Black "Zaw, Win Lay"]
[Result "1/2-1/2"]
[WhiteElo "2227"]
[BlackElo "2382"]
[PlyCount "60"]
[EventDate "2011.04.11"]
[EventType "swiss"]
[EventRounds "9"]
[EventCountry "THA"]
[SourceTitle "CBM 141 Extra"]
[Source "ChessBase"]
[SourceDate "2011.05.03"]
[SourceVersion "1"]
[SourceVersionDate "2011.05.03"]
[SourceQuality "1"]

1. e4 e6 2. Qe2 d5 3. exd5 Qxd5 4. Nc3 Qd8 5. Nf3 c5 6. Ne5 Nf6 7. g3 Nbd7 8. Nc4 Be7 9. Bg2 0-0 10. 0-0 Rb8 11. Nb5 a6 12. Na7 Nd5 13. a4 N7f6 14. Nxc8 Qxc8 15. a5 Bd8 16. d3 Bc7 17. f4 b5 18. axb6 Nxb6 19. Nxb6 Rxb6 20. b3 Re8 21. Bb2 Nd7 22. Rae1 Bd8 23. Qh5 Bf6 24. Be5 g6 25. Qh6 Nxe5 26. fxe5 Bg7 27. Qf4 Qc7 28. h4 Rb4 29. Qe3 h5 30. Kh2 a5 1/2-1/2

[Event "Da Nang"]
[Site "Da Nang"]
[Date "2008.06.16"]
[Round "8"]
[White "Nguyen, Hoang Nam"]
[Black "Zaw, Win Lay"]
[Result "1/2-1/2"]
[WhiteElo "2294"]
[BlackElo "2574"]
[PlyCount "67"]
[EventDate "2008.06.11"]
[EventType "tourn"]
[EventRounds "9"]
[EventCountry "VIE"]
[EventCategory "7"]
[SourceTitle "CBM 125 Extra"]
[Source "ChessBase"]
[SourceDate "2008.09.01"]
[SourceVersion "1"]
[SourceVersionDate "2008.09.01"]
[SourceQuality "1"]

1. e4 c5 2. Nf3 e6 3. d4 cxd4 4. Nxd4 Nf6 5. Nc3 d6 6. Be3 Nc6 7. Be2 Be7 8. 0-0 0-0 9. f4 e5 10. Nf5 Bxf5 11. exf5 exf4 12. Rxf4 d5 13. Kh1 Re8 14. Bg1 Bd6 15. Rf1 Be5 16. Rf3 d4 17. Nb1 Qc7 18. Nd2 Rad8 19. Bd3 Bf4 20. a4 Be3 21. Nc4 Ne5 22. Nxe5 Rxe5 23. h3 Bxg1 24. Qxg1 Qb6 25. b3 Re3 26. Raf1 Rde8 27. Qh2 h6 28. Qg3 a6 29. Qh4 Qd6 30. Rf4 Rd8 31. R4f3 Qe5 32. Rf4 Rd7 33. Kg1 Kf8 34. R4f3 1/2-1/2

[Event "Da Nang"]
[Site "Da Nang"]
[Date "2008.06.13"]
[Round "4"]
[White "Zaw, Win Lay"]
[Black "Elorta, David"]
[Result "1/2-1/2"]
[WhiteElo "2574"]
[BlackElo "2409"]
[PlyCount "116"]
[EventDate "2008.06.11"]
[EventType "tourn"]
[EventRounds "9"]
[EventCountry "VIE"]
[EventCategory "7"]
[SourceTitle "CBM 125 Extra"]
[Source "ChessBase"]
[SourceDate "2008.09.01"]
[SourceVersion "1"]
[SourceVersionDate "2008.09.01"]
[SourceQuality "1"]

1. d4 Nf6 2. c4 e6 3. Nf3 b6 4. g3 Bb7 5. Bg2 d6 6. Nc3 Nbd7 7. 0-0 Be7 8. Re1 0-0 9. e4 e5 10. h3 Re8 11. d5 a5 12. b3 Nc5 13. Rb1 Bc8 14. a3 Bd7 15. Qc2 Bf8 16. b4 Nb7 17. Kh2 h6 18. Be3 g5 19. Nd2 Nh5 20. Bf3 Nf4 21. gxf4 gxf4 22. Rg1+ Bg7 23. Nf1 fxe3 24. Nxe3 Kh8 25. Bg4 Bxg4 26. Rxg4 Bf6 27. Nf5 Bg5 28. Nb5 Rg8 29. Qb2 Kh7 30. Rbg1 Rg6 31. h4 Bf4+ 32. Kh3 Qd7 33. Qe2 Rag8 34. Qf3 Bd2 35. Qe2 Bf4 36. R4g2 Nd8 37. Nc3 Nb7 38. Qh5 Qc8 39. Ne2 Bd2 40. f4 Qf8 41. Qf3 axb4 42. axb4 Bxb4 43. Rg4 Bd2 44. Qd3 Rxg4 45. Rxg4 Rxg4 46. Kxg4 Bxf4 47. Nxf4 Qg8+ 48. Kf3 exf4 49. Qd2 Nc5 50. Qxf4 Qg6 51. Ne7 Qh5+ 52. Ke3 Nd7 53. Qg3 Nf6 54. Qf4 Ng4+ 55. Kd2 Ne5 56. Qg3 Ng4 57. Qf3 Kh8 58. Kc2 Qxh4 1/2-1/2

[Event "Singapore U20-Myanmar 2nd"]
[Site "Singapore"]
[Date "2008.04.20"]
[Round "4"]
[White "Zaw, Win Lay"]
[Black "Fernandez, Daniel Howard"]
[Result "1-0"]
[WhiteElo "2574"]
[BlackElo "2127"]
[PlyCount "112"]
[EventDate "2008.04.19"]
[EventType "schev"]
[EventRounds "12"]
[EventCountry "SIN"]
[SourceTitle "EXT 2022"]
[Source "ChessBase"]
[SourceDate "2021.10.06"]
[SourceVersion "1"]
[SourceVersionDate "2021.10.06"]
[SourceQuality "1"]
[WhiteTeam "Myanmar"]
[BlackTeam "Singapore (U20)"]
[WhiteTeamCountry "MYA"]
[BlackTeamCountry "SIN"]

1. e4 e5 2. Nf3 Nc6 3. Bb5 a6 4. Ba4 Nf6 5. 0-0 Be7 6. Re1 b5 7. Bb3 0-0 8. a4 Bb7 9. d3 d6 10. Nbd2 Na5 11. Ba2 c5 12. Nf1 c4 13. Bd2 g6 14. Ng3 Qc7 15. Bxa5 Qxa5 16. axb5 axb5 17. dxc4 Qb4 18. cxb5 Qxb2 19. Bb3 Rxa1 20. Qxa1 Qxa1 21. Rxa1 Nxe4 22. Nxe4 Bxe4 23. Nd2 Bf5 24. Ra7 Bg5 25. b6 Bxd2 26. Rxf7 Bc8 27. b7 Bxb7 28. Rxb7+ Kh8 29. Bd5 Bc3 30. f3 Rf4 31. Be4 Bd4+ 32. Kh1 Rf8 33. Rd7 Bc5 34. g3 Rg8 35. Bd5 Rb8 36. Kg2 Rb1 37. h4 Ra1 38. g4 Ra7 39. Rd8+ Kg7 40. Rg8+ Kf6 41. Re8 Kg7 42. g5 h6 43. Rg8+ Kh7 44. h5 Rg7 45. Re8 hxg5 46. Be4 Ra7 47. Kh3 Kg7 48. hxg6 Kf6 49. Kg4 Rc7 50. Kh5 Ra7 51. c4 Rc7 52. Kh6 d5 53. cxd5 g4 54. d6 Be3+ 55. Kh5 Ra7 56. fxg4 Ra2 1-0

[Event "Singapore U20-Myanmar 2nd"]
[Site "Singapore"]
[Date "2008.04.19"]
[Round "2"]
[White "Zaw, Win Lay"]
[Black "Chua, Xing Jian Graham"]
[Result "1-0"]
[WhiteElo "2574"]
[BlackElo "2151"]
[PlyCount "91"]
[EventDate "2008.04.19"]
[EventType "schev"]
[EventRounds "12"]
[EventCountry "SIN"]
[SourceTitle "EXT 2022"]
[Source "ChessBase"]
[SourceDate "2021.10.06"]
[SourceVersion "1"]
[SourceVersionDate "2021.10.06"]
[SourceQuality "1"]
[WhiteTeam "Myanmar"]
[BlackTeam "Singapore (U20)"]
[WhiteTeamCountry "MYA"]
[BlackTeamCountry "SIN"]

1. e4 c5 2. Nf3 Nc6 3. d4 cxd4 4. Nxd4 e5 5. Nb5 d6 6. N1c3 a6 7. Na3 b5 8. Nd5 Nf6 9. Bg5 Be7 10. Bxf6 Bxf6 11. c3 0-0 12. Nc2 Bg5 13. a4 bxa4 14. Rxa4 a5 15. Bc4 Rb8 16. b3 Kh8 17. 0-0 f5 18. exf5 Bxf5 19. Nce3 Bg6 20. Re1 e4 21. Nf1 Ne5 22. Ng3 Bh4 23. Bf1 Qg5 24. Ne3 Qf6 25. Ra2 Qf7 26. Nc4 a4 27. Nxe5 dxe5 28. Bc4 Qf4 29. Re3 axb3 30. Bxb3 Rfd8 31. Bd5 Bxg3 32. hxg3 Rxd5 33. Qb3 Qf8 34. Qxd5 Bf7 35. Qd2 Rb1+ 36. Kh2 Bxa2 37. Qxa2 Rf1 38. Rxe4 g5 39. Qe6 Rxf2 40. Qxe5+ Qg7 41. Qd6 Rf8 42. Re7 Qf6 43. Re6 Qg7 44. c4 Rc8 45. c5 Qc7 46. Re8+ 1-0

[Event "Singapore U20-Myanmar 1st"]
[Site "Singapore"]
[Date "2008.04.13"]
[Round "11"]
[White "Chan, Wei Xuan Timothy"]
[Black "Zaw, Win Lay"]
[Result "1/2-1/2"]
[WhiteElo "2215"]
[BlackElo "2574"]
[PlyCount "77"]
[EventDate "2008.03.29"]
[EventType "schev"]
[EventRounds "12"]
[EventCountry "SIN"]
[SourceTitle "EXT 2022"]
[Source "ChessBase"]
[SourceDate "2021.10.06"]
[SourceVersion "1"]
[SourceVersionDate "2021.10.06"]
[SourceQuality "1"]
[WhiteTeam "Singapore (U20)"]
[BlackTeam "Myanmar"]
[WhiteTeamCountry "SIN"]
[BlackTeamCountry "MYA"]

1. e4 e5 2. Nf3 Qe7 3. Bc4 d6 4. d3 c6 5. c3 g6 6. 0-0 Nh6 7. Ne1 Bg7 8. f4 0-0 9. Nf3 Ng4 10. fxe5 Nxe5 11. Nxe5 dxe5 12. Nd2 Nd7 13. Nf3 Nb6 14. Bb3 Be6 15. Bc2 f6 16. Be3 Rfd8 17. Qc1 Nd7 18. d4 Rf8 19. dxe5 Nxe5 20. Nxe5 fxe5 21. Rxf8+ Bxf8 22. Qf1 Rd8 23. Bb3 b6 24. Qa6 Bxb3 25. axb3 Qf7 26. b4 Qb3 27. Qe2 Rd7 28. h3 Qe6 29. Kh2 Bg7 30. Qa6 Rf7 31. Rd1 h5 32. b5 Kh7 33. bxc6 Qxc6 34. Rd5 Bh6 35. Bxh6 Kxh6 36. Qd3 Qf6 37. Qg3 Re7 38. Kg1 Kg7 39. Rd3 1/2-1/2

[Event "Singapore U20-Myanmar 1st"]
[Site "Singapore"]
[Date "2008.04.05"]
[Round "5"]
[White "Zaw, Win Lay"]
[Black "Chan, Wei Xuan Timothy"]
[Result "1-0"]
[WhiteElo "2574"]
[BlackElo "2215"]
[PlyCount "73"]
[EventDate "2008.03.29"]
[EventType "schev"]
[EventRounds "12"]
[EventCountry "SIN"]
[SourceTitle "EXT 2022"]
[Source "ChessBase"]
[SourceDate "2021.10.06"]
[SourceVersion "1"]
[SourceVersionDate "2021.10.06"]
[SourceQuality "1"]
[WhiteTeam "Myanmar"]
[BlackTeam "Singapore (U20)"]
[WhiteTeamCountry "MYA"]
[BlackTeamCountry "SIN"]

1. e4 g6 2. d4 Bg7 3. Nc3 d6 4. f4 a6 5. Nf3 b5 6. Bd3 Nd7 7. a4 b4 8. Ne2 c5 9. c3 bxc3 10. bxc3 Bb7 11. 0-0 Ngf6 12. Ng3 0-0 13. f5 c4 14. Bc2 e6 15. fxg6 fxg6 16. Ba3 Qc7 17. Qe2 Rfe8 18. Rab1 Rab8 19. Nd2 Rec8 20. Rb4 Bc6 21. Nxc4 Ne8 22. Rxb8 Rxb8 23. Qg4 Nf8 24. Qe2 Rc8 25. Rf3 Bxe4 26. Nxe4 Qxc4 27. Qxc4 Rxc4 28. Kf1 Rc6 29. a5 d5 30. Nc5 Nd6 31. Ba4 Rc8 32. Ke2 Nc4 33. Bb4 e5 34. dxe5 Nxe5 35. Rf1 Nc4 36. Nxa6 Ne6 37. Bd7 1-0

[Event "ASEAN GM 3rd"]
[Site "Bangkok"]
[Date "2004.07.30"]
[Round "1"]
[White "Aung Aung, Aung Myo Hlaing"]
[Black "Zaw, Win Lay"]
[Result "1/2-1/2"]
[WhiteElo "2498"]
[BlackElo "2532"]
[PlyCount "26"]
[EventDate "2004.07.30"]
[EventType "tourn"]
[EventRounds "10"]
[EventCountry "THA"]
[EventCategory "11"]
[SourceTitle "CBM 103"]
[Source "ChessBase"]
[SourceDate "2004.11.11"]
[SourceVersion "1"]
[SourceVersionDate "2004.11.11"]
[SourceQuality "1"]

1. e4 e5 2. Nf3 Nc6 3. Bc4 Bc5 4. d3 Nf6 5. 0-0 a6 6. a3 Ba7 7. Nbd2 d6 8. h3 0-0 9. Re1 Re8 10. Nf1 h6 11. Be3 Be6 12. Bxe6 Rxe6 13. Bxa7 Nxa7 1/2-1/2

[Event "ASEAN GM 1st"]
[Site "Bangkok"]
[Date "2004.06.09"]
[Round "8"]
[White "Zaw, Win Lay"]
[Black "Nguyen, Anh Dung"]
[Result "1/2-1/2"]
[WhiteElo "2475"]
[BlackElo "2535"]
[PlyCount "34"]
[EventDate "2004.06.04"]
[EventType "tourn"]
[EventRounds "10"]
[EventCountry "THA"]
[EventCategory "10"]
[SourceTitle "CBM 102"]
[Source "ChessBase"]
[SourceDate "2004.09.23"]
[SourceVersion "1"]
[SourceVersionDate "2004.09.23"]
[SourceQuality "1"]

1. e4 e5 2. Nf3 Nf6 3. Nxe5 d6 4. Nf3 Nxe4 5. d4 d5 6. Bd3 Nc6 7. 0-0 Be7 8. c4 Nf6 9. Nc3 0-0 10. cxd5 Nb4 11. Re1 Nbxd5 12. Ne5 Be6 13. Bg5 c6 14. Bc4 Nxc3 15. bxc3 Bxc4 16. Nxc4 h6 17. Bh4 Nd5 1/2-1/2

[Event "ASEAN GM 1st"]
[Site "Bangkok"]
[Date "2004.06.04"]
[Round "2"]
[White "Zaw, Win Lay"]
[Black "Villamayor, Buenaventura"]
[Result "1/2-1/2"]
[WhiteElo "2475"]
[BlackElo "2469"]
[PlyCount "64"]
[EventDate "2004.06.04"]
[EventType "tourn"]
[EventRounds "10"]
[EventCountry "THA"]
[EventCategory "10"]
[SourceTitle "CBM 102"]
[Source "ChessBase"]
[SourceDate "2004.09.23"]
[SourceVersion "1"]
[SourceVersionDate "2004.09.23"]
[SourceQuality "1"]

1. e4 e6 2. d4 d5 3. Nd2 c5 4. exd5 Qxd5 5. Ngf3 cxd4 6. Bc4 Qd6 7. Qe2 Nf6 8. Nb3 Nc6 9. Bg5 Be7 10. 0-0-0 e5 11. Bb5 Bg4 12. Qxe5 Qxe5 13. Nxe5 Bxd1 14. Nxc6 Be2 15. Nxe7+ Bxb5 16. Nf5 0-0 17. Bxf6 gxf6 18. Nbxd4 Bd7 19. Rd1 Bxf5 20. Nxf5 Rfd8 21. Nd4 Rac8 22. c3 Rc5 23. Kc2 Rg5 24. g3 Rh5 25. h4 Re5 26. Rd3 Rd6 27. Rf3 Kf8 28. Rf4 a6 29. a3 Ke8 30. Rg4 Kf8 31. Rf4 Ke8 32. Rg4 Kf8 1/2-1/2

[Event "SEA Games op 22nd"]
[Site "Ho Chi Minh City"]
[Date "2003.12.12"]
[Round "8"]
[White "Zaw, Win Lay"]
[Black "Lim, Yee Weng"]
[Result "1/2-1/2"]
[WhiteElo "2497"]
[BlackElo "2274"]
[PlyCount "66"]
[EventDate "2003.12.08"]
[EventType "swiss"]
[EventRounds "9"]
[EventCountry "VIE"]
[SourceTitle "CBM 097 Extra"]
[Source "ChessBase"]
[SourceDate "2004.01.13"]
[SourceVersion "1"]
[SourceVersionDate "2004.01.13"]
[SourceQuality "1"]

1. e4 c5 2. Nf3 d6 3. d4 cxd4 4. Nxd4 Nf6 5. Nc3 g6 6. Be3 Bg7 7. f3 Nc6 8. Qd2 0-0 9. Bc4 Bd7 10. 0-0-0 Ne5 11. Bb3 Qa5 12. h4 Rfc8 13. h5 Rxc3 14. Qxc3 Qxc3 15. bxc3 Nxh5 16. Kb2 Nf6 17. Rde1 Rc8 18. a3 h5 19. Ne2 b6 20. Bd4 Ne8 21. Nf4 Kf8 22. Nd3 Nc4+ 23. Bxc4 Rxc4 24. Bxg7+ Kxg7 25. e5 Be6 26. Nf2 dxe5 27. Rxe5 Nd6 28. Rhe1 Ra4 29. Rxe6 fxe6 30. Rxe6 Nc4+ 31. Kb3 b5 32. Rxe7+ Kf8 33. Re1 Rxa3+ 1/2-1/2

[Event "SEA Games tt 22nd"]
[Site "Ho Chi Minh City"]
[Date "2003.12.07"]
[Round "2"]
[White "Zaw, Win Lay"]
[Black "Dao, Thien Hai"]
[Result "0-1"]
[WhiteElo "2497"]
[BlackElo "2590"]
[PlyCount "89"]
[EventDate "2003.12.07"]
[EventType "team"]
[EventRounds "5"]
[EventCountry "VIE"]
[SourceTitle "CBM 097 Extra"]
[Source "ChessBase"]
[SourceDate "2004.01.13"]
[SourceVersion "1"]
[SourceVersionDate "2004.01.13"]
[SourceQuality "1"]

1. e4 c5 2. Nf3 d6 3. Bb5+ Nd7 4. c3 Ngf6 5. Qe2 a6 6. Ba4 e5 7. 0-0 Be7 8. d4 0-0 9. dxe5 dxe5 10. Rd1 Qc7 11. Nbd2 b5 12. Bc2 Bb7 13. a4 c4 14. Nf1 Nc5 15. Ng3 g6 16. Bh6 Rfd8 17. Rxd8+ Rxd8 18. axb5 axb5 19. h3 Ne6 20. Rd1 Ra8 21. Be3 Nd7 22. Nh2 h5 23. f3 Ndc5 24. Ngf1 Nf4 25. Bxf4 exf4 26. Kh1 Nd7 27. Qd2 Bc6 28. b3 Ra2 29. bxc4 bxc4 30. Qc1 Bf6 31. Bb1 Ra8 32. Nd2 Ne5 33. Ndf1 Nd7 34. Nd2 Ne5 35. Ndf1 Nd7 36. Qd2 Be5 37. Rc1 Ra3 38. Qe2 Nb6 39. Qb2 Rb3 40. Qd2 Na4 41. Qe2 Nxc3 42. Qxc4 Rxb1 43. Rxc3 Bxc3 44. Qxc3 Qb6 45. Qf6 0-1

[Event "SEA Games rap 22nd"]
[Site "Ho Chi Minh City"]
[Date "2003.12.05"]
[Round "2.1"]
[White "Goh, Koon Jong Jason"]
[Black "Zaw, Win Lay"]
[Result "1-0"]
[WhiteElo "2314"]
[BlackElo "2497"]
[PlyCount "89"]
[EventDate "2003.12.05"]
[EventType "k.o. (rapid)"]
[EventRounds "5"]
[EventCountry "VIE"]
[SourceTitle "CBM 097 Extra"]
[Source "ChessBase"]
[SourceDate "2004.01.13"]
[SourceVersion "1"]
[SourceVersionDate "2004.01.13"]
[SourceQuality "1"]

1. d4 Nf6 2. c4 e6 3. Nc3 Bb4 4. e3 0-0 5. Nge2 d5 6. a3 Be7 7. cxd5 exd5 8. b4 Nbd7 9. Ng3 Re8 10. Bd3 Nf8 11. Nf5 Bxf5 12. Bxf5 Bd6 13. 0-0 a6 14. Qc2 g6 15. Bd3 Ne6 16. Bd2 c6 17. Rae1 Ng5 18. f3 Qb8 19. Kh1 Ne6 20. g3 a5 21. Ne2 axb4 22. axb4 Be7 23. Bc3 Qc7 24. e4 Nd7 25. e5 f5 26. f4 Ndf8 27. g4 fxg4 28. f5 gxf5 29. Bxf5 Bh4 30. Rc1 Kh8 31. Bxg4 Bg5 32. Bd2 Qg7 33. Rg1 Qh6 34. Bxg5 Nxg5 35. Qd2 Nf7 36. Nf4 Ng6 37. Rcf1 Nh4 38. Bh5 Rf8 39. e6 Ng5 40. e7 Rg8 41. Nh3 Qxh5 42. Nxg5 Ng6 43. Rf7 Rg7 44. Qf2 Nxe7 45. Rxg7 1-0